Jeux Supercell - Statistiques

Statistiques générales
  • Ce quiz a été pris 114 fois
  • Le résultat moyen est 5 sur 7
Statistiques - réponses
Date de sortie Jeu correspondant % Correct
2012 Clash of Clan
97%
2016 Clash Royal
97%
2017 Brawl Star
96%
2014 Boom Beach
79%
2012 Hay Day
78%
2024 Squad Buster
61%
2021 Clash Mini
40%
Aucun quiz correspondant
Distribution des résultats
% des personnes avec chaque résultat
Percentile par nombre de réponses
Votre historique - résultats
Vous n’avez pas pris ce quiz